Audi, BMW czy Mercedes-Benz? - Statystyki

Ogólne statystyki
  • Ten quiz został rozwiązany 144 razy
  • Średni wynik to 9 z 12
Statystyki odpowiedzi
Zagadnienie Odpowiedź % Poprawnych
Trójramienna gwiazda w kole to logo której marki? Mercedes
99%
Która z tych spółek jest znana także z produkcji samochodów ciężarowych i autobusów? Mercedes
96%
Samochody tej marki charakteryzują się napędem quattro. Audi
95%
Q7 to model której marki? Audi
93%
X7 to model której marki? BMW
92%
GL i CL to charakterystyczne oznaczenia linii modelowych której marki? Mercedes
92%
Która z tych spółek należy do Volkswagena? Audi
87%
Samochody której z marek zazwyczaj mają grill, którego kształt jest znany jako podwójne nerki? BMW
87%
Która z tych spółek początkowo zajmowała się produkcją samolotów i silników samolotowych? BMW
72%
Siedziba której z tych spółek nie leży w Bawarii? Mercedes
54%
Gustav Otto i Karl Rapp to założyciele którego z koncernów? BMW
30%
Która z tych spółek jest najstarsza? Audi
3%
Nie znaleziono quizów pasujących do podanych kryteriów
Rozkład punktacji
Procent ludzi z każdym wynikiem
Percentyl według liczby udzielonych odpowiedzi
Twoja historia wyników
Nie rozwiązałeś tego quizu